| 000 | 00726nam a2200229Ia 4500 | ||
|---|---|---|---|
| 003 | GCL | ||
| 008 | 140319s9999 xx 000 0 ara d | ||
| 040 |
_aGCL / _cGCL |
||
| 082 | 0 | 4 |
_a953.0711 _bع ت |
| 100 | 1 | _aعبدالمجيد نعنعى | |
| 245 | 1 | 0 |
_aتاريخ الدولة الاموية فى الاندلس / _cعبدالمجيد نعنعى |
| 260 |
_a[S.N] : _bدار النهضة العربية |
||
| 300 | _a565 ص | ||
| 490 | _a | ||
| 650 | 0 | 4 | _aالاندلس |
| 650 | 0 | 4 | _aالفتوحات الاسلامية |
| 650 | 0 | 4 | _aالتاريخ الاسلامى |
| 650 | 0 | 4 | _aفتح الاندلس |
| 650 | 0 | 4 | _aالدولة الاموية فى الاندلس |
| 650 | 0 | 4 | _aالبربر |
| 942 |
_2ddc _cBK |
||
| 999 |
_c37247 _d37247 |
||